| 000 | 00584nam a2200229Ia 4500 | ||
|---|---|---|---|
| 003 | BUBTL | ||
| 008 | 151213s9999 xx 000 0 und d | ||
| 041 | _aEnglish | ||
| 082 | _a347.06/M7444l/ 2002 | ||
| 100 |
_aMonir, M. _93879 |
||
| 245 |
_aLaw of Evidence _cM. Monir |
||
| 250 | _a6th | ||
| 260 |
_aNew Delhi _bLegal Clamics From _cc2002 |
||
| 300 |
_a[xxii] , 1102 p . : _b20 cm. |
||
| 500 | _aIncludes Index. | ||
| 526 | _aLaw | ||
| 650 |
_aLaw _93880 |
||
| 700 |
_aM. Monir _93881 |
||
| 856 |
_k0 _l0 _yDownload |
||
| 942 |
_2ddc _cBK |
||
| 999 |
_c3408 _d3408 |
||